| 000 | 00467nam a2200181Ia 4500 | ||
|---|---|---|---|
| 008 | 131103s9999 xx 000 0 und d | ||
| 040 | _aLoreto College | ||
| 041 | _aEnglish | ||
| 082 |
_aF/PAT _bLCBED/8844 |
||
| 100 | _aPaton, Alan | ||
| 245 |
_aCry, the beloved country _cAlan Paton |
||
| 260 |
_aLondon _bPenguin books _c1982 |
||
| 300 |
_a240p. _c 18cm. |
||
| 650 | _aEnglish fiction | ||
| 651 | _aEnglish literature | ||
| 850 | _aLCBED/F/PAT | ||
| 942 | _cBK | ||
| 999 |
_c33272 _d83751 |
||